[Event "4NCL Division 1d"]
[Site "Hinckley Island ENG"]
[Date "2015.05.03"]
[Round "10.151"]
[White "Sanders, Isaac"]
[Black "Aagaard, Jacob"]
[Result "1-0"]
[WhiteElo "2311"]
[BlackElo "2525"]
[PlyCount "75"]
[EventDate "2015.05.03"]
[WhiteTeam "Barbican 4NCL 2"]
[BlackTeam "Wood Green HK"]

1. Nf3 d5 2. g3 Nf6 3. Bg2 c6 4. O-O Bg4 5. b3 Nbd7 6. Bb2 Qc7 7. c4 dxc4 8.
bxc4 e5 9. Nc3 Rd8 10. Qc2 Be7 11. Ne4 O-O 12. Nxf6+ Bxf6 13. d3 Rfe8 14. Rab1
Bf5 15. Nd2 Nc5 16. Rfe1 h5 17. Bf3 h4 18. g4 Bg6 19. h3 Be7 20. Bc3 f5 21.
gxf5 Bxf5 22. Ne4 Bxh3 23. Kh2 Bc8 24. Rg1 Rf8 25. Rg2 Nxe4 26. dxe4 Bc5 27.
Rbg1 Rf7 28. Qc1 h3 29. Rg6 Bxf2 30. R1g5 Bd4 31. Rh5 Bxc3 32. Qh6 Kf8 33. Qg5
Kg8 34. Qh4 Rxf3 35. Rh8+ Kf7 36. Rxg7+ Kxg7 37. Rh7+ Kg6 38. Qh6# 1-0

[Event "4NCL Division 1d"]
[Site "Hinckley Island ENG"]
[Date "2015.05.03"]
[Round "10.152"]
[White "Speelman, Jon S"]
[Black "Coleman, David"]
[Result "1-0"]
[WhiteElo "2512"]
[BlackElo "2226"]
[PlyCount "107"]
[EventDate "2015.05.03"]
[WhiteTeam "Wood Green HK"]
[BlackTeam "Barbican 4NCL 2"]

1. d4 Nf6 2. c4 Nc6 3. Nf3 e6 4. a3 d6 5. e3 g6 6. b4 Bg7 7. Bb2 O-O 8. b5 Nb8
9. Be2 Nbd7 10. O-O b6 11. Nbd2 Bb7 12. a4 Re8 13. a5 Rb8 14. Qb3 Ne4 15. Nxe4
Bxe4 16. Nd2 Bb7 17. Rfd1 e5 18. a6 Bc8 19. Bf3 Qe7 20. Bc6 Rd8 21. Ne4 Nf6 22.
Nc3 Bd7 23. dxe5 dxe5 24. Ba3 Qe8 25. Nd5 Nxd5 26. cxd5 Bxc6 27. dxc6 Rxd1+ 28.
Rxd1 Rd8 29. g3 Bf8 30. Bxf8 Rxd1+ 31. Qxd1 Kxf8 32. Qd5 Qe7 33. Kg2 h5 34. h3
Ke8 35. Kf3 Kf8 36. Ke2 Ke8 37. f4 exf4 38. gxf4 Kf8 39. Kf3 Ke8 40. f5 g5 41.
Qd4 f6 42. Qd5 Qe5 43. Qxe5+ fxe5 44. Ke4 g4 45. hxg4 hxg4 46. Kd3 g3 47. Ke2
e4 48. Kf1 Kf7 49. Kg2 Kf6 50. Kxg3 Kxf5 51. Kh4 Ke5 52. Kg5 Kd5 53. Kf5 Kc5
54. Ke6 1-0

[Event "4NCL Division 1d"]
[Site "Hinckley Island ENG"]
[Date "2015.05.03"]
[Round "10.153"]
[White "Rogers, Jonathan"]
[Black "Pert, Richard G"]
[Result "1/2-1/2"]
[WhiteElo "2284"]
[BlackElo "2443"]
[PlyCount "68"]
[EventDate "2015.05.03"]
[WhiteTeam "Barbican 4NCL 2"]
[BlackTeam "Wood Green HK"]

1. d4 d5 2. Nf3 Nf6 3. c4 e6 4. g3 dxc4 5. Bg2 Bd7 6. Ne5 Bc6 7. Nxc6 Nxc6 8.
Qa4 Qd7 9. Qxc4 O-O-O 10. e3 Nd5 11. Nc3 f5 12. O-O h5 13. Bd2 h4 14. b4 hxg3
15. hxg3 Bxb4 16. Rab1 Bxc3 17. Bxc3 g5 18. Qb3 Qd6 19. Rfc1 Kd7 20. Bd2 Rb8
21. Rc5 b6 22. Rc2 Nce7 23. Qa4+ c6 24. Qxa7+ Qc7 25. Qxc7+ Kxc7 26. Rbc1 Kd7
27. f3 f4 28. e4 Ne3 29. Bxe3 fxe3 30. Re1 c5 31. dxc5 Nc6 32. Rxe3 Nd4 33. c6+
Kc7 34. Rd2 e5 1/2-1/2

[Event "4NCL Division 1d"]
[Site "Hinckley Island ENG"]
[Date "2015.05.03"]
[Round "10.154"]
[White "Greet, Andrew N"]
[Black "O'Toole, George E"]
[Result "1-0"]
[WhiteElo "2453"]
[BlackElo "2203"]
[PlyCount "133"]
[EventDate "2015.05.03"]
[WhiteTeam "Wood Green HK"]
[BlackTeam "Barbican 4NCL 2"]

1. Nf3 Nf6 2. c4 e6 3. g3 b6 4. Bg2 d5 5. O-O Be7 6. cxd5 exd5 7. Qa4+ c6 8. d4
O-O 9. Nc3 Bb7 10. Bf4 Na6 11. Ne5 c5 12. Rfd1 Rc8 13. Bh3 Ra8 14. Rac1 cxd4
15. Qxd4 Nc5 16. Bg2 Ne6 17. Qd2 Bb4 18. a3 Bxc3 19. Qxc3 d4 20. Qb3 Bxg2 21.
Kxg2 Qd5+ 22. Qf3 g5 23. Qxd5 Nxd5 24. Bd2 f6 25. Nf3 Rfd8 26. Be1 Ne7 27. Bb4
Ng6 28. Rc2 g4 29. Ne1 a5 30. Bd2 Ne5 31. h3 h5 32. hxg4 hxg4 33. Bf4 Rac8 34.
Rxc8 Rxc8 35. e3 dxe3 36. Bxe3 Nc4 37. Bc1 a4 38. f3 gxf3+ 39. Nxf3 Nc5 40. Nh4
Nb3 41. Bh6 Kf7 42. Nf5 Rc5 43. g4 Ne5 44. Kg3 Rc2 45. Rd6 Rc6 46. Rd8 Ng6 47.
Ra8 Nc5 48. Ra7+ Ke8 49. Be3 Nd3 50. Bd4 Ngf4 51. Kf3 Rc1 52. Bxf6 Rf1+ 53. Ke4
Nc5+ 54. Kd4 Nce6+ 55. Kc4 Rc1+ 56. Kb5 Nc7+ 57. Kxa4 Nfd5 58. Be5 Kd7 59. Kb3
Rg1 60. Ne3 Nxe3 61. Rxc7+ Kd8 62. Rc3 Nxg4 63. Bc7+ Kd7 64. Bxb6 Rd1 65. Rc7+
Ke6 66. Ba5 Nf6 67. Rc6+ 1-0

[Event "4NCL Division 1d"]
[Site "Hinckley Island ENG"]
[Date "2015.05.03"]
[Round "10.155"]
[White "Twyble, Michael"]
[Black "Shaw, John"]
[Result "0-1"]
[WhiteElo "2261"]
[BlackElo "2435"]
[PlyCount "84"]
[EventDate "2015.05.03"]
[WhiteTeam "Barbican 4NCL 2"]
[BlackTeam "Wood Green HK"]

1. g3 e5 2. Bg2 d5 3. Nf3 e4 4. Nd4 c5 5. Nb3 c4 6. Nd4 Nc6 7. Nxc6 bxc6 8. d3
cxd3 9. exd3 Nf6 10. O-O exd3 11. Qxd3 Be7 12. Re1 O-O 13. Bf4 Bc5 14. Be3 Bxe3
15. Qxe3 Re8 16. Qd2 Rxe1+ 17. Qxe1 Qb6 18. b3 Bf5 19. Qd2 Re8 20. Nc3 Qa5 21.
Rd1 Kf8 22. h3 h6 23. g4 Bg6 24. Na4 Qxd2 25. Rxd2 Re1+ 26. Kh2 Rc1 27. c3 Ke7
28. Kg3 Be4 29. f3 Bh7 30. h4 Nd7 31. f4 Nb6 32. Nxb6 Rxc3+ 33. Bf3 axb6 34. f5
f6 35. Kf4 Bg8 36. Re2+ Kd7 37. Rg2 d4 38. Be4 Rh3 39. b4 Kd6 40. Rd2 c5 41.
bxc5+ bxc5 42. Rb2 Bd5 0-1

[Event "4NCL Division 1d"]
[Site "Hinckley Island ENG"]
[Date "2015.05.03"]
[Round "10.156"]
[White "Houska, Jovanka"]
[Black "Berry, Neil"]
[Result "0-1"]
[WhiteElo "2379"]
[BlackElo "2267"]
[PlyCount "80"]
[EventDate "2015.05.03"]
[WhiteTeam "Wood Green HK"]
[BlackTeam "Barbican 4NCL 2"]

1. d4 d5 2. Nf3 Nf6 3. c4 e6 4. Nc3 Bb4 5. Bg5 h6 6. Bxf6 Qxf6 7. Qa4+ Nc6 8.
e3 O-O 9. Be2 Bd7 10. Qc2 dxc4 11. O-O Na5 12. Ne5 Qe7 13. Ne4 Rfd8 14. Bxc4
Nxc4 15. Qxc4 Bd6 16. f4 f6 17. Nxd7 Rxd7 18. Rac1 c6 19. a3 Qf7 20. Rc3 Bf8
21. b4 a6 22. Qb3 Re8 23. Nc5 Bxc5 24. Rxc5 e5 25. Qxf7+ Rxf7 26. fxe5 fxe5 27.
Rxe5 Rxe5 28. dxe5 Rxf1+ 29. Kxf1 Kf7 30. Ke2 Ke6 31. Kd3 Kxe5 32. a4 c5 33.
bxc5 Kd5 34. c6 Kxc6 35. Kd4 b5 36. axb5+ axb5 37. h3 Kd6 38. Ke4 Kc5 39. g4 b4
40. h4 Kc4 0-1

[Event "4NCL Division 1d"]
[Site "Hinckley Island ENG"]
[Date "2015.05.03"]
[Round "10.157"]
[White "Crocker, Philip J"]
[Black "Hagesaether, Arne"]
[Result "1/2-1/2"]
[WhiteElo "2225"]
[BlackElo "2055"]
[PlyCount "34"]
[EventDate "2015.05.03"]
[WhiteTeam "Barbican 4NCL 2"]
[BlackTeam "Wood Green HK"]

1. c4 Nf6 2. g3 g6 3. Bg2 Bg7 4. Nc3 O-O 5. e4 e5 6. Nge2 Nc6 7. O-O d6 8. f4
exf4 9. gxf4 Bg4 10. d4 Re8 11. d5 Nb8 12. h3 Bh5 13. Qd3 Bxe2 14. Nxe2 Nbd7
15. Be3 Nxe4 16. Bxe4 Qe7 17. Ng3 f5 1/2-1/2

[Event "4NCL Division 1d"]
[Site "Hinckley Island ENG"]
[Date "2015.05.03"]
[Round "10.158"]
[White "Hegarty, Sarah N"]
[Black "Lauterbach, Ingrid"]
[Result "0-1"]
[WhiteElo "2080"]
[BlackElo "2075"]
[PlyCount "68"]
[EventDate "2015.05.03"]
[WhiteTeam "Wood Green HK"]
[BlackTeam "Barbican 4NCL 2"]

1. d4 d5 2. a3 g6 3. Nf3 Bg7 4. Bf4 Nd7 5. Nc3 c6 6. e4 dxe4 7. Nxe4 Ngf6 8.
Ng3 Nd5 9. Bg5 h6 10. Bd2 N7f6 11. c4 Nc7 12. Bc3 h5 13. Bd3 Bg4 14. Qb3 Bxf3
15. gxf3 Qc8 16. O-O-O Ne6 17. Kb1 Qc7 18. Rhe1 Nf4 19. Bb4 e6 20. d5 a5 21.
Bc3 a4 22. Qc2 Nxd3 23. Rxd3 cxd5 24. cxd5 O-O 25. dxe6 fxe6 26. Rxe6 h4 27.
Ne2 Qxh2 28. Bd4 Qh3 29. Nf4 Qf5 30. Bxf6 Rxf6 31. Rxf6 Bxf6 32. Nxg6 Re8 33.
Nxh4 Bxh4 34. Qc4+ Kf8 0-1

[Event "4NCL Division 1d"]
[Site "Hinckley Island ENG"]
[Date "2015.05.03"]
[Round "10.161"]
[White "Wallace, John-Paul"]
[Black "Cooper, John G"]
[Result "1/2-1/2"]
[WhiteElo "2388"]
[BlackElo "2326"]
[PlyCount "106"]
[EventDate "2015.05.03"]
[WhiteTeam "Cambridge University 1"]
[BlackTeam "South Wales Dragons"]

1. e4 e6 2. d3 c5 3. g3 d5 4. Nd2 Nc6 5. Bg2 g6 6. Ne2 Bg7 7. O-O Nge7 8. Rb1
O-O 9. a3 a5 10. a4 b6 11. f4 Ra7 12. e5 f6 13. exf6 Bxf6 14. Nf3 Bg7 15. Kh1
Nf5 16. Bd2 Re7 17. Neg1 Qc7 18. Ng5 h6 19. N5h3 Ref7 20. c3 Nfe7 21. Qe2 e5
22. Rbe1 Ba6 23. fxe5 Rxf1 24. Rxf1 Qxe5 25. Rxf8+ Kxf8 26. Qf3+ Kg8 27. Nf4 d4
28. Nxg6 Nxg6 29. Qxc6 Bxd3 30. Qxb6 Be4 31. Qb5 Bxg2+ 32. Kxg2 Qe4+ 33. Kf2
Ne5 34. Qe2 Nd3+ 35. Kf1 Qxe2+ 36. Nxe2 Nxb2 37. cxd4 cxd4 38. Bxa5 Nxa4 39.
Nf4 Nc5 40. Ke2 Kf7 41. Bb6 Nd7 42. Ba7 Be5 43. Nd3 Ke6 44. Nxe5 Kxe5 45. Kd3
Kf5 46. Bxd4 h5 47. h3 Nf8 48. Ke2 Ne6 49. Be3 Nf8 50. Kf3 Ne6 51. g4+ hxg4+
52. hxg4+ Kg6 53. Ke4 Ng5+ 1/2-1/2

[Event "4NCL Division 1d"]
[Site "Hinckley Island ENG"]
[Date "2015.05.03"]
[Round "10.162"]
[White "Chow, Sam"]
[Black "Bisby, Daniel L"]
[Result "1/2-1/2"]
[WhiteElo "2287"]
[BlackElo "2355"]
[PlyCount "84"]
[EventDate "2015.05.03"]
[WhiteTeam "South Wales Dragons"]
[BlackTeam "Cambridge University 1"]

1. d4 Nf6 2. Bg5 Ne4 3. Bf4 d5 4. e3 Nc6 5. Bd3 g5 6. Bg3 Nxg3 7. hxg3 e5 8.
dxe5 Nxe5 9. Rxh7 Rxh7 10. Bxh7 Bg4 11. f3 Be6 12. Bd3 Bc5 13. Qe2 Qd6 14. Nc3
Qb6 15. Nd1 O-O-O 16. g4 d4 17. e4 f6 18. a3 a5 19. Nh3 Kb8 20. Kf1 Rh8 21. b3
Qd6 22. a4 Bb4 23. Ndf2 Ng6 24. Kg1 Qe5 25. Nd1 Bd6 26. Qf2 Qh2+ 27. Kf1 Nh4
28. Qg1 Nxf3 29. gxf3 Qxh3+ 30. Qg2 Qh6 31. Nf2 Qf8 32. Nh3 Be5 33. Ke2 Qb4 34.
Rh1 Rc8 35. Kd1 Qc3 36. Qf1 Bd6 37. Ke2 Bb4 38. Kf2 Rh8 39. Kg2 Bd6 40. Nf2 Rd8
41. Nh3 Qc5 42. Ng1 Qe5 1/2-1/2

[Event "4NCL Division 1d"]
[Site "Hinckley Island ENG"]
[Date "2015.05.03"]
[Round "10.163"]
[White "Eckersley-Waites, Adam"]
[Black "Redmond, John P"]
[Result "1-0"]
[WhiteElo "2261"]
[BlackElo "2212"]
[PlyCount "131"]
[EventDate "2015.05.03"]
[WhiteTeam "Cambridge University 1"]
[BlackTeam "South Wales Dragons"]

1. e4 e6 2. d4 d5 3. Nc3 Nf6 4. Nf3 Nc6 5. Bd3 Nb4 6. Bg5 Be7 7. e5 Nd7 8. Bxe7
Qxe7 9. O-O c5 10. Nb5 O-O 11. c3 Nxd3 12. Qxd3 b6 13. Nd2 Bb7 14. Nd6 Bc6 15.
b4 Ba4 16. f4 f6 17. Nf3 c4 18. Qe2 a6 19. h3 Rad8 20. Kh2 fxe5 21. fxe5 Nb8
22. Rf2 Be8 23. Raf1 Bg6 24. Ne1 Nd7 25. Qg4 Rxf2 26. Rxf2 Rf8 27. Rf3 Rxf3 28.
Nxf3 Nf8 29. h4 Bd3 30. Ng5 h6 31. Nh3 Bb1 32. a3 Bc2 33. Kg1 Kh7 34. Nf4 Kg8
35. Kf2 Kh7 36. Ke3 Kg8 37. Kd2 Bb1 38. g3 Bh7 39. Nc8 Qe8 40. Nd6 Qe7 41. Qd1
Qd7 42. a4 Ng6 43. Nh5 Ne7 44. Qg4 Bg6 45. Nf4 Bf7 46. b5 axb5 47. axb5 Nf5 48.
Nxd5 Kf8 49. Ne3 Nxd6 50. exd6 Qxd6 51. Qf4 Qd8 52. Nxc4 Kg8 53. Ne5 Be8 54.
Qf3 Bxb5 55. Qf7+ Kh7 56. Qg6+ Kg8 57. Qxe6+ Kh7 58. Qg6+ Kg8 59. Qe6+ Kh7 60.
Nf7 Qd7 61. Qxd7 Bxd7 62. Ke3 Kg8 63. Nd6 Kf8 64. Kf4 Ke7 65. Ke5 Be6 66. Nf5+
1-0

[Event "4NCL Division 1d"]
[Site "Hinckley Island ENG"]
[Date "2015.05.03"]
[Round "10.164"]
[White "Zeidler, Sven P"]
[Black "Chevannes, Sabrina L"]
[Result "0-1"]
[WhiteElo "2229"]
[BlackElo "2192"]
[PlyCount "62"]
[EventDate "2015.05.03"]
[WhiteTeam "South Wales Dragons"]
[BlackTeam "Cambridge University 1"]

1. e4 c6 2. Nf3 d5 3. exd5 cxd5 4. Ne5 Nc6 5. d4 Nf6 6. Bb5 Bd7 7. Nc3 e6 8.
O-O Qb6 9. Re1 Be7 10. a4 a6 11. a5 Qd8 12. Bxc6 Bxc6 13. Bg5 O-O 14. f4 Qd6
15. Re3 Nd7 16. Bxe7 Qxe7 17. Nxd7 Qxd7 18. Qh5 Qd8 19. Qe5 Re8 20. Rg3 f6 21.
Qh5 Re7 22. Re3 Qd6 23. Rf1 Qb4 24. Qd1 Qxa5 25. f5 e5 26. dxe5 Qc5 27. Qe1
Rxe5 28. Nd1 Rae8 29. Rff3 d4 30. b4 Qb6 31. Rxe5 Rxe5 0-1

[Event "4NCL Division 1d"]
[Site "Hinckley Island ENG"]
[Date "2015.05.03"]
[Round "10.165"]
[White "Spencer, Carl J"]
[Black "James, David J"]
[Result "0-1"]
[WhiteElo "2169"]
[BlackElo "2152"]
[PlyCount "78"]
[EventDate "2015.05.03"]
[WhiteTeam "Cambridge University 1"]
[BlackTeam "South Wales Dragons"]

1. e4 c5 2. Nf3 d6 3. Bb5+ Nd7 4. c3 a6 5. Ba4 b5 6. Bc2 e5 7. O-O Ngf6 8. d4
Be7 9. a4 b4 10. Re1 O-O 11. Nbd2 bxc3 12. bxc3 Qa5 13. Bb2 Rb8 14. Nc4 Qc7 15.
d5 Nb6 16. Nfd2 Nxc4 17. Nxc4 Ne8 18. a5 f5 19. exf5 Bxf5 20. Bxf5 Rxf5 21. Qd3
Rf7 22. Nb6 Qb7 23. Rab1 Bd8 24. Bc1 Qa7 25. Nc4 Rb5 26. f4 Bxa5 27. fxe5 Rxb1
28. Qxb1 Bxc3 29. Re2 dxe5 30. h3 Bd4+ 31. Be3 Nf6 32. Bxd4 cxd4 33. Rxe5 d3+
34. Kh1 Qd4 35. Qb8+ Rf8 36. Qc7 Nxd5 37. Qd6 Rf1+ 38. Kh2 Qf4+ 39. g3 Qf2# 0-1

[Event "4NCL Division 1d"]
[Site "Hinckley Island ENG"]
[Date "2015.05.03"]
[Round "10.166"]
[White "Morris, Charles F"]
[Black "Karayiannis, Costas"]
[Result "1/2-1/2"]
[WhiteElo "2149"]
[BlackElo "2161"]
[PlyCount "56"]
[EventDate "2015.05.03"]
[WhiteTeam "South Wales Dragons"]
[BlackTeam "Cambridge University 1"]

1. c4 c5 2. g3 Nc6 3. Bg2 g6 4. Nc3 Bg7 5. Nf3 e6 6. d3 Nge7 7. Bg5 h6 8. Bd2
b6 9. Qc1 Bb7 10. O-O d5 11. Rb1 Rc8 12. a3 Qd7 13. b4 cxb4 14. axb4 dxc4 15.
dxc4 a5 16. Nb5 Nf5 17. Rd1 Ncd4 18. Nfxd4 Nxd4 19. Nxd4 Bxg2 20. Be3 Ba8 21.
bxa5 bxa5 22. Nf5 Qc6 23. Nd6+ Kf8 24. f3 Rd8 25. Qa3 Kg8 26. Rb6 Qc7 27. Qxa5
Kh7 28. c5 Rd7 1/2-1/2

[Event "4NCL Division 1d"]
[Site "Hinckley Island ENG"]
[Date "2015.05.03"]
[Round "10.167"]
[White "Pickard, Charles"]
[Black "Jameson, David"]
[Result "1/2-1/2"]
[WhiteElo "2122"]
[BlackElo "2048"]
[PlyCount "51"]
[EventDate "2015.05.03"]
[WhiteTeam "Cambridge University 1"]
[BlackTeam "South Wales Dragons"]

1. c4 e5 2. Nc3 Nf6 3. Nf3 Nc6 4. e3 d5 5. cxd5 Nxd5 6. Bb5 Nxc3 7. bxc3 Bd7 8.
e4 Bd6 9. d4 O-O 10. d5 Ne7 11. Bxd7 Qxd7 12. O-O f5 13. Ng5 fxe4 14. Nxe4 Qb5
15. Nxd6 cxd6 16. Ba3 Rad8 17. Rb1 Qxd5 18. Qxd5+ Nxd5 19. c4 Nb6 20. Bxd6 Rxd6
21. c5 Rd2 22. cxb6 Rxa2 23. bxa7 Rxa7 24. Rfe1 Ra2 25. f3 Rd8 26. Rxe5 1/2-1/2

[Event "4NCL Division 1d"]
[Site "Hinckley Island ENG"]
[Date "2015.05.03"]
[Round "10.168"]
[White "Lochte, Szilvia"]
[Black "McClement, Andrew"]
[Result "1/2-1/2"]
[WhiteElo "1961"]
[BlackElo "2179"]
[PlyCount "43"]
[EventDate "2015.05.03"]
[WhiteTeam "South Wales Dragons"]
[BlackTeam "Cambridge University 1"]

1. d4 Nf6 2. c4 e6 3. Nf3 b6 4. g3 Ba6 5. b3 Bb7 6. Bg2 Bb4+ 7. Bd2 c5 8. O-O
O-O 9. Bxb4 cxb4 10. a3 bxa3 11. Nxa3 d5 12. Ne5 Qe7 13. Nb5 Nc6 14. Nxc6 Bxc6
15. Qd3 a5 16. Rfc1 Rfc8 17. Nc3 Qb7 18. cxd5 exd5 19. Bh3 Bd7 20. Bg2 Bc6 21.
Bh3 Bd7 22. Bg2 1/2-1/2

[Event "4NCL Division 1d"]
[Site "Hinckley Island ENG"]
[Date "2015.05.03"]
[Round "10.171"]
[White "Fodor, Tamas Jr"]
[Black "Merry, Alan"]
[Result "1-0"]
[WhiteElo "2492"]
[BlackElo "2395"]
[PlyCount "63"]
[EventDate "2015.05.03"]
[WhiteTeam "Hackney 1"]
[BlackTeam "The AD's"]

1. d4 Nf6 2. c4 c5 3. d5 d6 4. Nc3 h6 5. e4 g5 6. f4 gxf4 7. Bxf4 Nbd7 8. Nf3
Bg7 9. Be2 Ng4 10. O-O Nf8 11. h3 Ng6 12. Qd2 Be5 13. Nxe5 N4xe5 14. Bh5 Nxf4
15. Rxf4 Kd7 16. Bxf7 Kc7 17. Nb5+ Kb8 18. Qc3 a6 19. Na3 h5 20. Raf1 Ka7 21.
Nc2 Rh7 22. Ne3 Qh8 23. Kh1 Bd7 24. Be6 Bxe6 25. dxe6 Qg8 26. Nd5 Rg7 27. Qb3
Rc8 28. Rf7 Nc6 29. Qb6+ Kb8 30. Nxe7 Nxe7 31. Qxd6+ Rc7 32. Rf8+ 1-0

[Event "4NCL Division 1d"]
[Site "Hinckley Island ENG"]
[Date "2015.05.03"]
[Round "10.172"]
[White "Richardson, John R"]
[Black "Suarez Garcia, Carlos"]
[Result "0-1"]
[WhiteElo "2342"]
[BlackElo "2385"]
[PlyCount "96"]
[EventDate "2015.05.03"]
[WhiteTeam "The AD's"]
[BlackTeam "Hackney 1"]

1. d4 d5 2. c4 c6 3. Nc3 e6 4. Nf3 dxc4 5. a4 Bb4 6. e3 b5 7. Bd2 a5 8. Rb1 Ba6
9. Ne5 Nf6 10. Nxc6 Nxc6 11. axb5 Bb7 12. bxc6 Bxc6 13. f3 e5 14. dxe5 Nd7 15.
Be2 Qh4+ 16. Kf1 Nxe5 17. Nd5 Bd6 18. Nb6 Rd8 19. Qc2 O-O 20. Nxc4 Nxf3 21.
Bxf3 Bxf3 22. gxf3 Rc8 23. b3 Qh3+ 24. Kf2 Bxh2 25. Rbf1 a4 26. Qe4 Qg3+ 27.
Ke2 Qg2+ 28. Kd1 Rfd8 29. Rfg1 Bxg1 30. Qxh7+ Kf8 31. Qh8+ Ke7 32. Qh4+ Kf8 33.
Qh8+ Ke7 34. Qh4+ g5 35. Qe4+ Kf8 36. Rh8+ Kg7 37. Qh7+ Kf6 38. Qh6+ Ke7 39.
Rxd8 Rxd8 40. Qb6 Qf1+ 41. Kc2 Qd3+ 42. Kc1 f6 43. Qb4+ Kf7 44. Qxa4 Bxe3 45.
Qb4 Bxd2+ 46. Nxd2 Rc8+ 47. Nc4 Qxf3 48. Kb2 Qe2+ 0-1

[Event "4NCL Division 1d"]
[Site "Hinckley Island ENG"]
[Date "2015.05.03"]
[Round "10.173"]
[White "Lyell, Mark"]
[Black "Wheeler, Darren P"]
[Result "1/2-1/2"]
[WhiteElo "2312"]
[BlackElo "2245"]
[PlyCount "183"]
[EventDate "2015.05.03"]
[WhiteTeam "Hackney 1"]
[BlackTeam "The AD's"]

1. e4 e6 2. d4 d5 3. Nc3 Bb4 4. exd5 exd5 5. Bd3 c5 6. dxc5 Nc6 7. Nf3 Bg4 8.
O-O Bxc5 9. Bf4 a6 10. Qe1+ Nge7 11. Ne5 Nxe5 12. Qxe5 f6 13. Qe1 Qd7 14. Qd2
O-O 15. h3 Bh5 16. Rfe1 Rad8 17. Be2 Bxe2 18. Rxe2 Bb4 19. Qd3 Qf5 20. Qxf5
Nxf5 21. Rd1 Bxc3 22. bxc3 Rd7 23. g4 Ne7 24. Bg3 Rc8 25. Rd3 Kf7 26. Kf1 Rc4
27. Red2 Ra4 28. Ke2 b5 29. f4 g6 30. Kf3 Rxa2 31. Bf2 Rc7 32. Bd4 Ra1 33. Re2
Rf1+ 34. Kg3 Rc1 35. Rde3 Nc6 36. Bc5 Rc8 37. g5 f5 38. Re6 Kg7 39. Rd6 Rc7 40.
Bb6 Re7 41. Rd2 Nb8 42. R6xd5 Rce1 43. Rd8 Re8 44. R2d6 Kf7 45. Rxe8 Rxe8 46.
Bc7 Rc8 47. Rf6+ Kg8 48. Bxb8 Rxb8 49. Rxa6 Rc8 50. Ra3 Kf7 51. Kf3 Ke6 52. Ke3
Kd5 53. Rb3 Kc5 54. Rb4 Re8+ 55. Kd3 Re1 56. Rd4 Rh1 57. Kd2 Rh2+ 58. Kc1 Rxh3
59. Rd7 Rh4 60. Rd4 h6 61. gxh6 Rxh6 62. Kb2 Rh4 63. Kb3 Rg4 64. Kb2 Rh4 65.
Kb3 Rh1 66. Rd8 Rb1+ 67. Ka2 Rf1 68. Rg8 Rxf4 69. Rxg6 Rf1 70. Kb3 Kd5 71. Rb6
Ke4 72. c4 bxc4+ 73. Kxc4 f4 74. Re6+ Kf3 75. Kd5 Rd1+ 76. Kc5 Kg2 77. Rg6+ Kf2
78. c4 f3 79. Kb6 Rb1+ 80. Kc6 Ke3 81. Re6+ Kd3 82. Rf6 Ke2 83. Re6+ Kf1 84. c5
f2 85. Rf6 Ke2 86. Rxf2+ Kxf2 87. Kd6 Rd1+ 88. Ke6 Rc1 89. Kd6 Ke3 90. c6 Kd4
91. c7 Rxc7 92. Kxc7 1/2-1/2

[Event "4NCL Division 1d"]
[Site "Hinckley Island ENG"]
[Date "2015.05.03"]
[Round "10.174"]
[White "Snape, Ian L"]
[Black "Eames, Robert S"]
[Result "1/2-1/2"]
[WhiteElo "2192"]
[BlackElo "2312"]
[PlyCount "73"]
[EventDate "2015.05.03"]
[WhiteTeam "The AD's"]
[BlackTeam "Hackney 1"]

1. d4 Nf6 2. Nf3 c5 3. d5 e6 4. c4 d6 5. Nc3 exd5 6. cxd5 g6 7. h3 a6 8. a4 Bg7
9. e4 Nbd7 10. Bd3 Nh5 11. Be2 O-O 12. Be3 Re8 13. Nd2 Nhf6 14. O-O h6 15. Nc4
Ne5 16. Nxe5 Rxe5 17. f4 Re8 18. e5 dxe5 19. Bxc5 e4 20. Bd4 Bf5 21. Kh2 h5 22.
Be5 Ng4+ 23. hxg4 Qh4+ 24. Kg1 hxg4 25. Bxg4 Bxg4 26. Qe1 Qxe1 27. Rfxe1 Bxe5
28. fxe5 Rxe5 29. Rxe4 Rxe4 30. Nxe4 Kg7 31. a5 Rd8 32. Nc3 Kf6 33. Kf2 Bf5 34.
Ra4 Ke5 35. Rb4 Rd7 36. Ke3 g5 37. Rb6 1/2-1/2

[Event "4NCL Division 1d"]
[Site "Hinckley Island ENG"]
[Date "2015.05.03"]
[Round "10.175"]
[White "Reid, John"]
[Black "Besedin, Pavel"]
[Result "1-0"]
[WhiteElo "2327"]
[BlackElo "2260"]
[PlyCount "77"]
[EventDate "2015.05.03"]
[WhiteTeam "Hackney 1"]
[BlackTeam "The AD's"]

1. d4 g6 2. e4 Bg7 3. c4 d6 4. Nc3 Nf6 5. Nf3 O-O 6. h3 e5 7. d5 Nbd7 8. Bg5 h6
9. Be3 Ne8 10. g4 a5 11. Rg1 Nc5 12. Nd2 Kh7 13. Be2 b6 14. Qc2 Bd7 15. O-O-O
Qe7 16. Rg3 f5 17. gxf5 gxf5 18. Bxc5 bxc5 19. exf5 Bxf5 20. Nde4 Qh4 21. Bg4
Kh8 22. Bxf5 Qf4+ 23. Kb1 Qxf5 24. Rdg1 Rf7 25. a3 Nf6 26. Nxf6 Qxf6 27. Rg6
Qh4 28. Ne4 Qxh3 29. Ka2 Qf5 30. Qe2 Raf8 31. R1g4 Kh7 32. Qd3 Kh8 33. Qg3 Qd7
34. Nf6 Rxf6 35. Rxg7 R8f7 36. Rg8+ Kh7 37. Qh4 Rf8 38. R8g5 Rf4 39. Rg6 1-0

[Event "4NCL Division 1d"]
[Site "Hinckley Island ENG"]
[Date "2015.05.03"]
[Round "10.176"]
[White "Swindells, Jonathan E"]
[Black "Cenal Gutierrez, Ruben"]
[Result "1/2-1/2"]
[WhiteElo "2155"]
[BlackElo "2290"]
[PlyCount "87"]
[EventDate "2015.05.03"]
[WhiteTeam "The AD's"]
[BlackTeam "Hackney 1"]

1. e4 c5 2. Nc3 a6 3. g3 b5 4. a4 b4 5. Nd5 Bb7 6. Bg2 e6 7. Ne3 Nf6 8. d3 d6
9. f4 Qc7 10. Qe2 Nc6 11. Nf3 Nd4 12. Qf2 b3 13. h3 bxc2 14. Nxd4 cxd4 15. Nxc2
e5 16. O-O Be7 17. Na3 O-O 18. Bd2 Rac8 19. Rfc1 Qb8 20. fxe5 dxe5 21. Nc4 Nd7
22. b4 Bc6 23. Rcb1 Nb6 24. b5 axb5 25. axb5 Bd7 26. Nxb6 Qxb6 27. Ra6 Qb7 28.
Be1 Ra8 29. Qa2 Be6 30. Qa4 Rxa6 31. Qxa6 Rb8 32. Qxb7 Rxb7 33. b6 Kf8 34. g4
Bc5 35. Ba5 Ke7 36. Bf3 Kd6 37. Bd1 h5 38. Kg2 hxg4 39. hxg4 f6 40. Kg3 g6 41.
Ba4 Rb8 42. b7 Bd7 43. Bd1 Bc6 44. Bd8 1/2-1/2

[Event "4NCL Division 1d"]
[Site "Hinckley Island ENG"]
[Date "2015.05.03"]
[Round "10.177"]
[White "Holes, Michal"]
[Black "Anderton, David W"]
[Result "1-0"]
[WhiteElo "2207"]
[BlackElo "2177"]
[PlyCount "89"]
[EventDate "2015.05.03"]
[WhiteTeam "Hackney 1"]
[BlackTeam "The AD's"]

1. e4 e6 2. d4 d5 3. Nc3 Nf6 4. Bg5 Bb4 5. e5 h6 6. exf6 hxg5 7. fxg7 Rg8 8. h4
gxh4 9. Qg4 Qf6 10. Qxh4 Qxg7 11. Nf3 Nc6 12. a3 Be7 13. Qh7 Bd7 14. Qxg7 Rxg7
15. Rh8+ Bf8 16. g3 O-O-O 17. O-O-O a6 18. Kb1 Be7 19. Rh6 Bf8 20. Rh8 Be7 21.
Rh6 Bf8 22. Rh5 Bd6 23. Bd3 Rdg8 24. Rdh1 Kd8 25. Ne2 b5 26. c3 Na5 27. Ne5 f6
28. Nxd7 Kxd7 29. a4 bxa4 30. Bxa6 Rb8 31. Rh8 Rb6 32. Ra8 Nb3 33. Bc8+ Ke7 34.
Rxa4 Nd2+ 35. Kc2 Ne4 36. Rh2 Rb8 37. Ba6 e5 38. Bd3 Ng5 39. Bf5 Nf3 40. Rh5
Rb7 41. dxe5 fxe5 42. Rg4 Rf7 43. Rg6 Kd8 44. Rh8+ Bf8 45. Be6 1-0

[Event "4NCL Division 1d"]
[Site "Hinckley Island ENG"]
[Date "2015.05.03"]
[Round "10.178"]
[White "Bellin, Jana M"]
[Black "Roberts, Lynda"]
[Result "1-0"]
[WhiteElo "2065"]
[BlackElo "1870"]
[PlyCount "93"]
[EventDate "2015.05.03"]
[WhiteTeam "The AD's"]
[BlackTeam "Hackney 1"]

1. d4 f5 2. c4 Nf6 3. Nc3 g6 4. Bg5 Bg7 5. Qd2 Nc6 6. e3 d6 7. d5 Ne5 8. f4 Nf7
9. Bh4 e5 10. dxe6 Bxe6 11. Nf3 O-O 12. Nd4 Qd7 13. h3 Rfe8 14. Be2 c6 15. O-O
Rad8 16. Rad1 Qc7 17. Rfe1 a6 18. Nxe6 Rxe6 19. Bf3 Rde8 20. g4 Ne4 21. Nxe4
fxe4 22. Be2 b5 23. Rc1 Qb6 24. Red1 bxc4 25. Bxc4 d5 26. Bb3 Nd6 27. Kg2 Kh8
28. Be1 Nb5 29. Qe2 a5 30. Ba4 Nc7 31. Bc3 Rb8 32. Qd2 Bxc3 33. Qxc3+ Kg8 34.
b3 Nb5 35. Qc5 Qa6 36. Rc2 Kf7 37. Kf2 Rb7 38. Rdc1 Rb8 39. Bxb5 Rxb5 40. Qd4
Kg8 41. f5 Rb4 42. Qb2 Rd6 43. Qe5 d4 44. Qxd6 dxe3+ 45. Kxe3 Qb6+ 46. Rc5 a4
47. f6 1-0